Estadísticas para Prueba de la República Centroafricana

Haz click aquí para tomar la prueba!

Estadísticas generales

  • Esta prueba ha sido tomada 373 veces
  • La puntuación promedio es 13 de 19

Estadísticas de respuestas

PistaRespuesta% Correcto
Países limítrofesRepública del Congo
98%
Países limítrofesRepública Democrática del Congo
98%
Países limítrofesChad
94%
Idiomas oficialesFrancés
94%
Países limítrofesSudán
94%
Países limítrofesSudán del Sur
91%
RCA tiene la ________ _ ___ más baja de todos los países, 52,8 años.Esperanza de vida
86%
Países limítrofesCamerún
85%
CapitalBangui
73%
Palabra para un ecosistema herbáceo como el que
cubre casi toda la RCA (Empieza por S)
Sabana
71%
Moneda (compartida con otros 5 países){Franco} CFA
69%
La mosca propagadora de enfermedades que dificulta el pastoreo del ganadoMoscas {tse-tse}
63%
Las brújulas podrían no funcionar correctamente en la RCA porque
la mayor parte del país está cubierta de una gran anomalía _______
Magnética
59%
¿Qué es lo que constituye el 57% de las exportaciones oficiales,
con muchos más sacados de contrabando de manera ilegal?
Diamantes
56%
Título que el presidente Jean-Bédel Bokassa se dio a sí mismo en 1979Emperador
56%
Debido a su ubicación remota y a la falta de electricidad,
la RCA tiene la menor contaminación ______ de cualquier país
Lumínica
56%
Idiomas oficialesSango
28%
El río en el que se encuentra la capitalUbangui
28%
La segunda ciudad más poblada (comienza con B)Bimbo
25%

Distribución de puntuación

Porcentaje por número respondido

Porcentaje de gente con cada puntuación

Historial de tus puntuaciones

No has tomado esta prueba